[Event "ROM-chT"]
[Site "Eforie Nord"]
[Date "2023.09.27"]
[Round "7.3"]
[White "Iordachescu, Viorel"]
[Black "Dolana, Andrei Theodor"]
[Result "1-0"]
[WhiteElo "2584"]
[BlackElo "2373"]
[PlyCount "65"]
[EventDate "2023.09.21"]
[EventType "team-tourn"]
[EventRounds "9"]
[EventCountry "ROU"]
[SourceTitle "EXT 2024"]
[Source "ChessBase"]
[SourceDate "2023.10.10"]
[SourceVersion "1"]
[SourceVersionDate "2023.10.10"]
[SourceQuality "1"]
[WhiteTeam "Arad Vados"]
[BlackTeam "Ineu"]
[WhiteTeamCountry "ROU"]
[BlackTeamCountry "ROU"]

1. d4 Nf6 2. c4 e6 3. Nc3 Bb4 4. e3 0-0 5. Bd3 d5 6. a3 Bxc3+ 7. bxc3 dxc4 8. Bxc4 c5 9. Nf3 Qc7 10. Be2 b6 11. Bb2 Bb7 12. c4 Nbd7 13. 0-0 Rad8 14. Nd2 cxd4 15. exd4 e5 16. d5 b5 17. Rc1 bxc4 18. Nxc4 Bxd5 19. Ne3 Qb8 20. Ba1 Bb7 21. Qb3 Nb6 22. Rfe1 Nfd5 23. Nf5 Nf4 24. Qg3 Ng6 25. Bh5 Nd7 26. Bxg6 fxg6 27. Ne7+ Kf7 28. Bxe5 Nxe5 29. Rxe5 Qd6 30. Qf4+ Qf6 31. Qc4+ Ke8 32. Nc6+ Kd7 33. Nb8+ 1-0

[Event "EU-Cup Online Gr-D"]
[Site "Tornelo INT"]
[Date "2021.03.28"]
[Round "8.3"]
[White "Dolana, Andrei Theodor"]
[Black "Kusa, Jakub"]
[Result "1-0"]
[WhiteElo "2359"]
[BlackElo "2336"]
[PlyCount "67"]
[EventDate "2021.03.27"]
[EventType "team-tourn (rapid)"]
[EventRounds "9"]
[EventCountry "NET"]
[SourceTitle "CBM 201 Extra"]
[Source "ChessBase"]
[SourceDate "2021.05.31"]
[SourceVersion "1"]
[SourceVersionDate "2021.05.31"]
[SourceQuality "1"]
[WhiteTeam "Bucharest CSU ASE"]
[BlackTeam "Brno Moravska Slavia II"]
[WhiteTeamCountry "ROU"]
[BlackTeamCountry "CZE"]

1. Nf3 Nf6 2. g3 g6 3. b3 Bg7 4. Bb2 0-0 5. Bg2 d5 6. c4 c6 7. 0-0 Bg4 8. d3 Bxf3 9. Bxf3 e6 10. Nd2 Nbd7 11. b4 a5 12. a3 axb4 13. axb4 Qb6 14. Qb3 Rfd8 15. Bc3 Ne8 16. Bg2 Bxc3 17. Qxc3 Ng7 18. Nb3 Nf5 19. e4 Ne7 20. exd5 cxd5 21. c5 Qc7 22. d4 b6 23. b5 bxc5 24. dxc5 Rab8 25. Ra5 Rdc8 26. Rc1 Nf5 27. Qa1 Qe5 28. Qa3 Nd4 29. Nxd4 Qxd4 30. b6 Ne5 31. Bf1 Nf3+ 32. Qxf3 Rxb6 33. cxb6 Rxc1 34. b7 1-0

[Event "EU-Cup Online Gr-D"]
[Site "Tornelo INT"]
[Date "2021.03.27"]
[Round "4.2"]
[White "Dolana, Andrei Theodor"]
[Black "Lagarde, Maxime"]
[Result "0-1"]
[WhiteElo "2359"]
[BlackElo "2640"]
[PlyCount "68"]
[EventDate "2021.03.27"]
[EventType "team-tourn (rapid)"]
[EventRounds "9"]
[EventCountry "NET"]
[SourceTitle "CBM 201 Extra"]
[Source "ChessBase"]
[SourceDate "2021.05.31"]
[SourceVersion "1"]
[SourceVersionDate "2021.05.31"]
[SourceQuality "1"]
[WhiteTeam "Bucharest CSU ASE"]
[BlackTeam "Chartres"]
[WhiteTeamCountry "ROU"]
[BlackTeamCountry "FRA"]

1. Nf3 c5 2. c4 Nc6 3. e3 e5 4. Nc3 Nf6 5. d4 e4 6. d5 exf3 7. dxc6 bxc6 8. Qxf3 Bd6 9. Bd3 0-0 10. 0-0 Be5 11. h3 Re8 12. Rd1 Rb8 13. Rb1 h6 14. Na4 Qe7 15. b3 d6 16. Bb2 g5 17. Bf5 Kg7 18. Bc3 Bxc3 19. Nxc3 Qe5 20. Bxc8 Rbxc8 21. Rd3 Re6 22. Rbd1 h5 23. Ne2 Ne4 24. Qxh5 Rh8 25. Qg4 Rh4 26. f4 Qb2 27. Qf3 g4 28. hxg4 Reh6 29. Kf1 Rh1+ 30. Ng1 Re6 31. g5 Qxa2 32. f5 Re5 33. f6+ Kg6 34. Qg4 Qf2# 0-1

[Event "FIDE World Uni Rapid-A 1st"]
[Site "Tornelo INT"]
[Date "2021.03.20"]
[Round "3"]
[White "Dolana, Andrei Theodor"]
[Black "Pelaes Castillo, Renzo Jos"]
[Result "1-0"]
[WhiteElo "2359"]
[BlackElo "1493"]
[PlyCount "41"]
[EventDate "2021.03.20"]
[EventType "swiss (rapid)"]
[EventRounds "12"]
[EventCountry "NET"]
[SourceTitle "CBM 201 Extra"]
[Source "ChessBase"]
[SourceDate "2021.05.31"]
[SourceVersion "1"]
[SourceVersionDate "2021.05.31"]
[SourceQuality "1"]

1. Nf3 c5 2. c4 g6 3. e3 Bg7 4. d4 cxd4 5. exd4 d5 6. Nc3 e6 7. cxd5 exd5 8. Bb5+ Nc6 9. 0-0 Nge7 10. h3 0-0 11. Bg5 h6 12. Bf4 a6 13. Bxc6 Nxc6 14. Ne5 g5 15. Nxc6 bxc6 16. Be5 Bxe5 17. dxe5 Re8 18. Qh5 d4 19. Rad1 Rxe5 20. f4 Re6 21. fxg5 1-0

[Event "FIDE World Uni Rapid-A 1st"]
[Site "Tornelo INT"]
[Date "2021.03.20"]
[Round "1"]
[White "Dolana, Andrei Theodor"]
[Black "Romero Dongo, Maria Jose"]
[Result "1-0"]
[WhiteElo "2359"]
[BlackElo "1338"]
[PlyCount "47"]
[EventDate "2021.03.20"]
[EventType "swiss (rapid)"]
[EventRounds "12"]
[EventCountry "NET"]
[SourceTitle "CBM 201 Extra"]
[Source "ChessBase"]
[SourceDate "2021.05.31"]
[SourceVersion "1"]
[SourceVersionDate "2021.05.31"]
[SourceQuality "1"]

1. Nf3 d5 2. e3 Nf6 3. c4 c6 4. Nc3 Bf5 5. Qb3 Qd7 6. d4 a6 7. Ne5 Qc7 8. cxd5 cxd5 9. Nxd5 Nxd5 10. Qxd5 e6 11. Qb3 Bd6 12. Nc4 Be7 13. Nb6 Ra7 14. Bd2 Nc6 15. Rc1 Qd8 16. Be2 0-0 17. 0-0 Kh8 18. Rfd1 Bd6 19. Bf3 Bc7 20. Na4 Na5 21. Bxa5 Bxa5 22. Bxb7 Qd7 23. Nc5 Qc7 24. Bf3 1-0

[Event "FIDE World Uni Rapid-A 1st"]
[Site "Tornelo INT"]
[Date "2021.03.20"]
[Round "2"]
[White "Reyhan, Qomara"]
[Black "Dolana, Andrei Theodor"]
[Result "1/2-1/2"]
[WhiteElo "1608"]
[BlackElo "2359"]
[PlyCount "79"]
[EventDate "2021.03.20"]
[EventType "swiss (rapid)"]
[EventRounds "12"]
[EventCountry "NET"]
[SourceTitle "CBM 201 Extra"]
[Source "ChessBase"]
[SourceDate "2021.05.31"]
[SourceVersion "1"]
[SourceVersionDate "2021.05.31"]
[SourceQuality "1"]

1. e4 c5 2. Nf3 e6 3. d4 cxd4 4. Nxd4 Nc6 5. Be2 Nf6 6. Bf3 Be7 7. 0-0 Qc7 8. Nb5 Qb8 9. Bg5 0-0 10. Bh4 d6 11. Bg3 e5 12. N1c3 a6 13. Na3 b5 14. Nd5 Nxd5 15. Qxd5 Qb6 16. c3 Be6 17. Qd2 g6 18. Kh1 Rfc8 19. Nc2 Na5 20. Ne3 Bg5 21. Be2 Qd8 22. f4 exf4 23. Bxf4 Bxf4 24. Rxf4 Nc6 25. a3 Ne5 26. Rd1 Qg5 27. Rdf1 Qe7 28. Nd5 Bxd5 29. Qxd5 Rab8 30. Bd1 Kg7 31. Bb3 Rf8 32. h3 Rbc8 33. Rf6 Rcd8 34. R6f4 Rd7 35. Qd4 Kg8 36. Qd5 Rc7 37. Rf6 Rd7 38. R6f4 Kg7 39. Qd4 Kg8 40. Qd5 1/2-1/2

[Event "FIDE World Uni Blitz-C 1st"]
[Site "Tornelo INT"]
[Date "2021.03.13"]
[Round "5.35"]
[White "Dolana, Andrei Theodor"]
[Black "Jin, Fabian"]
[Result "1-0"]
[WhiteElo "2359"]
[BlackElo "1728"]
[PlyCount "67"]
[EventDate "2021.03.13"]
[EventType "swiss (blitz)"]
[EventRounds "10"]
[EventCountry "NET"]
[SourceTitle "EXT 2022"]
[Source "ChessBase"]
[SourceDate "2021.10.06"]
[SourceVersion "1"]
[SourceVersionDate "2021.10.06"]
[SourceQuality "1"]

1. Nf3 d5 2. e3 Nc6 3. Bb5 Bd7 4. 0-0 e5 5. Bxc6 Bxc6 6. Nxe5 Bd6 7. d4 Qh4 8. Qg4 Qxg4 9. Nxg4 h5 10. Ne5 Bb5 11. Rd1 h4 12. Nc3 Bxe5 13. Nxb5 Bd6 14. Nxd6+ cxd6 15. h3 Rc8 16. c3 Nf6 17. f3 Nh5 18. Kf2 Ng3 19. a4 f5 20. Ra3 Ke7 21. Rb3 b6 22. Bd2 Rb8 23. Ra1 a5 24. Rb5 Rhc8 25. Rxd5 Ke6 26. Rb5 d5 27. Re1 Rc6 28. Ra1 Rd6 29. Ra3 Rc6 30. Rab3 Rd6 31. Rxa5 bxa5 32. Rxb8 Rc6 33. Rb5 Ra6 34. b3 1-0

[Event "Bucharest F01 GM"]
[Site "Bucharest"]
[Date "2019.01.11"]
[Round "7"]
[White "Dolana, Andrei Theodor"]
[Black "Badea, Bela"]
[Result "1/2-1/2"]
[WhiteElo "2368"]
[BlackElo "2431"]
[PlyCount "111"]
[EventDate "2019.01.05"]
[EventType "tourn"]
[EventRounds "9"]
[EventCountry "ROU"]
[EventCategory "7"]
[SourceTitle "CBM 188 Extra"]
[Source "ChessBase"]
[SourceDate "2019.02.26"]
[SourceVersion "1"]
[SourceVersionDate "2019.02.26"]
[SourceQuality "1"]

1. d4 d6 2. e4 Nf6 3. Nc3 e5 4. Nf3 Nbd7 5. Bc4 Be7 6. 0-0 0-0 7. Re1 c6 8. a4 b6 9. h3 a6 10. Ba2 Rb8 11. Be3 b5 12. axb5 axb5 13. b4 Qc7 14. Bb3 Nb6 15. Qd3 exd4 16. Nxd4 Rd8 17. Bf4 Nbd7 18. Nf5 Ne5 19. Nxe7+ Qxe7 20. Qg3 Kf8 21. Be3 Nh5 22. Qg5 Qxg5 23. Bxg5 f6 24. Be3 g5 25. Ne2 Ng7 26. Ra7 Rd7 27. Rea1 Bb7 28. f3 Re8 29. h4 gxh4 30. Bh6 Nf7 31. Bxg7+ Kxg7 32. Nd4 Ne5 33. Rd1 Bc8 34. Nf5+ Kg6 35. Rxd7 Bxd7 36. Nxd6 Re7 37. Kf2 Kg5 38. Ke3 Ng6 39. Nf7+ Kh5 40. Rd6 f5 41. e5 Be8 42. Rf6 Bxf7 43. Rxf5+ Kh6 44. Rxf7 Rxe5+ 45. Kf2 c5 46. f4 Rh5 47. c3 Nh8 48. Rf8 Ng6 49. Rf7 Nh8 50. Rf8 Ng6 51. Rf6 h3 52. Kg1 hxg2 53. Kxg2 c4 54. Bc2 Kg7 55. Bxg6 hxg6 56. Rb6 1/2-1/2

[Event "Bucharest F01 GM"]
[Site "Bucharest"]
[Date "2019.01.08"]
[Round "4"]
[White "Dolana, Andrei Theodor"]
[Black "Jianu, Vlad Cristian"]
[Result "1/2-1/2"]
[WhiteElo "2368"]
[BlackElo "2544"]
[PlyCount "48"]
[EventDate "2019.01.05"]
[EventType "tourn"]
[EventRounds "9"]
[EventCountry "ROU"]
[EventCategory "7"]
[SourceTitle "CBM 188 Extra"]
[Source "ChessBase"]
[SourceDate "2019.02.26"]
[SourceVersion "1"]
[SourceVersionDate "2019.02.26"]
[SourceQuality "1"]

1. e4 c5 2. Nf3 d6 3. Bb5+ Bd7 4. Bxd7+ Qxd7 5. c4 Nf6 6. Nc3 g6 7. d4 cxd4 8. Nxd4 Bg7 9. f3 0-0 10. 0-0 Rc8 11. b3 d5 12. exd5 Nxd5 13. Nxd5 e6 14. Be3 exd5 15. cxd5 Qxd5 16. Qd2 Nc6 17. Rad1 Nxd4 18. Bxd4 Bxd4+ 19. Qxd4 Qxd4+ 20. Rxd4 Rc2 21. Rf2 Rc1+ 22. Rf1 Rc2 23. Rf2 Rc1+ 24. Rf1 Rc2 1/2-1/2

[Event "EU-ch U18 27th"]
[Site "Mamaia"]
[Date "2017.09.09"]
[Round "5"]
[White "Ivanov, Platon Jaan"]
[Black "Dolana, Andrei Theodor"]
[Result "0-1"]
[WhiteElo "2038"]
[BlackElo "2403"]
[PlyCount "48"]
[EventDate "2017.09.05"]
[EventType "swiss"]
[EventRounds "9"]
[EventCountry "ROU"]
[SourceTitle "EXT 2018"]
[Source "ChessBase"]
[SourceDate "2017.10.13"]
[SourceVersion "1"]
[SourceVersionDate "2017.10.13"]
[SourceQuality "1"]

1. d4 Nf6 2. c4 e6 3. g3 d5 4. Nf3 dxc4 5. Bg2 Bd7 6. Qc2 c5 7. Qxc4 Bc6 8. dxc5 Nbd7 9. 0-0 Bxc5 10. Nc3 Rc8 11. Qd3 Qb6 12. Rb1 Ng4 13. e3 Nge5 14. Nxe5 Nxe5 15. Bxc6+ Qxc6 16. Qe4 Qxe4 17. Nxe4 Bb4 18. f4 Nc4 19. b3 Na3 20. Rb2 0-0 21. Bd2 Be7 22. Rc1 Rxc1+ 23. Bxc1 Rc8 24. Bd2 f5 0-1

[Event "EU-ch U18 27th"]
[Site "Mamaia"]
[Date "2017.09.05"]
[Round "1"]
[White "Sevgi, Volkan"]
[Black "Dolana, Andrei Theodor"]
[Result "1-0"]
[WhiteElo "2240"]
[BlackElo "2403"]
[PlyCount "75"]
[EventDate "2017.09.05"]
[EventType "swiss"]
[EventRounds "9"]
[EventCountry "ROU"]
[SourceTitle "CBM 180 Extra"]
[Source "ChessBase"]
[SourceDate "2017.10.06"]
[SourceVersion "1"]
[SourceVersionDate "2017.10.06"]
[SourceQuality "1"]

1. e4 c5 2. Nc3 Nc6 3. g3 g6 4. Bg2 Bg7 5. d3 d6 6. Be3 Nf6 7. h3 0-0 8. Qd2 Rb8 9. f4 Nd7 10. Nf3 b5 11. 0-0 b4 12. Nd1 a5 13. f5 Nce5 14. Nh4 Re8 15. Bh6 Bh8 16. Ne3 Nf6 17. g4 Bb7 18. g5 Nfd7 19. Qf2 Nb6 20. fxg6 fxg6 21. Ng4 Nbd7 22. c3 Bg7 23. Nxe5 Nxe5 24. d4 Rf8 25. Qxf8+ Bxf8 26. Rxf8+ Qxf8 27. Bxf8 Rxf8 28. dxe5 Rf4 29. exd6 exd6 30. Nf3 Bxe4 31. Kf2 bxc3 32. bxc3 Bd5 33. a3 Kg7 34. Rd1 Bxf3 35. Bxf3 Rc4 36. Rxd6 Rxc3 37. Rd2 Kf8 38. Bd5 1-0

[Event "Arad op 10th"]
[Site "Arad"]
[Date "2017.08.07"]
[Round "2"]
[White "Trifan, Andrei Ioan"]
[Black "Dolana, Andrei Theodor"]
[Result "1/2-1/2"]
[WhiteElo "2142"]
[BlackElo "2393"]
[PlyCount "83"]
[EventDate "2017.08.06"]
[EventType "swiss"]
[EventRounds "9"]
[EventCountry "ROU"]
[SourceTitle "CBM 179 Extra"]
[Source "ChessBase"]
[SourceDate "2017.08.23"]
[SourceVersion "1"]
[SourceVersionDate "2017.08.23"]
[SourceQuality "1"]

1. e4 c5 2. Nf3 Nc6 3. d4 cxd4 4. Nxd4 Nf6 5. Nc3 d6 6. Be3 Ng4 7. Bb5 Nxe3 8. Nxc6 Nxd1 9. Nxd8+ Kxd8 10. Rxd1 a6 11. Be2 e6 12. 0-0 Kc7 13. f4 Bd7 14. f5 Be7 15. fxe6 Bxe6 16. Nd5+ Bxd5 17. Rxd5 Bf6 18. c3 Rhe8 19. Bd3 Re7 20. Rh5 Rh8 21. Re1 Be5 22. Bc4 g6 23. Rh3 h5 24. Rd1 g5 25. g4 f6 26. Rxh5 Rxh5 27. gxh5 Bf4 28. Re1 g4 29. Kg2 Rh7 30. Rf1 Bg5 31. Be2 Rxh5 32. Bxg4 Rh8 33. c4 a5 34. Rf5 b6 35. b3 Re8 36. Kf3 Rh8 37. Kg2 Re8 38. Kf3 Rh8 39. h3 Kc6 40. Kg2 Kc7 41. Bf3 Rh6 42. Bg4 1/2-1/2

[Event "Kavala op 26th"]
[Site "Kavala"]
[Date "2017.08.04"]
[Round "9"]
[White "Dolana, Andrei Theodor"]
[Black "Svetushkin, Dmitry"]
[Result "1/2-1/2"]
[WhiteElo "2348"]
[BlackElo "2563"]
[PlyCount "93"]
[EventDate "2017.07.28"]
[EventType "swiss"]
[EventRounds "9"]
[EventCountry "GRE"]
[SourceTitle "CBM 179 Extra"]
[Source "ChessBase"]
[SourceDate "2017.08.23"]
[SourceVersion "1"]
[SourceVersionDate "2017.08.23"]
[SourceQuality "1"]

1. Nf3 d5 2. g3 c6 3. Bg2 Bf5 4. c4 e6 5. cxd5 exd5 6. 0-0 Nf6 7. d3 Be7 8. Qb3 Qb6 9. Qc2 0-0 10. Nc3 Nbd7 11. e4 dxe4 12. dxe4 Bg6 13. Nh4 Rfe8 14. h3 Bb4 15. Be3 Qa5 16. Nxg6 hxg6 17. Rad1 Nb6 18. Rfe1 Nfd7 19. f4 Nc5 20. e5 Nca4 21. Rd3 Nc4 22. Bc1 Nc5 23. Rdd1 Rad8 24. Kh2 Na3 25. bxa3 Bxc3 26. Rf1 Ne6 27. Qb3 Bd2 28. Bxd2 Rxd2 29. Rxd2 Qxd2 30. Qxb7 c5 31. Qd5 Rd8 32. Qxd2 Rxd2 33. Rc1 Rxa2 34. Rc3 Nd4 35. h4 Rc2 36. Rd3 Ne2 37. Rd8+ Kh7 38. h5 Nd4 39. Kh3 Rc3 40. Be4 Re3 41. hxg6+ fxg6 42. Bd5 Nf5 43. Bg8+ Kh6 44. Be6 Kh7 45. Bg8+ Kh6 46. Be6 Kh7 47. Bg8+ 1/2-1/2

[Event "Kavala op 26th"]
[Site "Kavala"]
[Date "2017.07.30"]
[Round "3"]
[White "Moskalenko, Alexander"]
[Black "Dolana, Andrei Theodor"]
[Result "1-0"]
[WhiteElo "2528"]
[BlackElo "2348"]
[PlyCount "41"]
[EventDate "2017.07.28"]
[EventType "swiss"]
[EventRounds "9"]
[EventCountry "GRE"]
[SourceTitle "CBM 179 Extra"]
[Source "ChessBase"]
[SourceDate "2017.08.23"]
[SourceVersion "1"]
[SourceVersionDate "2017.08.23"]
[SourceQuality "1"]

1. Nf3 d5 2. d4 Nf6 3. Bf4 e6 4. e3 c5 5. c3 Nc6 6. Nbd2 Bd6 7. Bg3 0-0 8. Bb5 Ne4 9. Nxe4 dxe4 10. Nd2 cxd4 11. cxd4 f5 12. Bxc6 bxc6 13. Qa4 Bxg3 14. hxg3 e5 15. dxe5 Qd5 16. Nc4 Be6 17. b3 Qd3 18. Rc1 f4 19. Nb2 Qd5 20. gxf4 g5 21. Rd1 1-0

[Event "Kavala op 26th"]
[Site "Kavala"]
[Date "2017.07.29"]
[Round "2"]
[White "Dolana, Andrei Theodor"]
[Black "Nikolaidis, Ioannis"]
[Result "1/2-1/2"]
[WhiteElo "2348"]
[BlackElo "2561"]
[PlyCount "96"]
[EventDate "2017.07.28"]
[EventType "swiss"]
[EventRounds "9"]
[EventCountry "GRE"]
[SourceTitle "CBM 179 Extra"]
[Source "ChessBase"]
[SourceDate "2017.08.23"]
[SourceVersion "1"]
[SourceVersionDate "2017.08.23"]
[SourceQuality "1"]

1. Nf3 Nf6 2. g3 b6 3. Bg2 Bb7 4. 0-0 g6 5. b3 Bg7 6. Bb2 0-0 7. c4 c5 8. Nc3 d5 9. Nxd5 Nxd5 10. Bxg7 Kxg7 11. cxd5 Qxd5 12. d4 Na6 13. Nh4 Qd7 14. dxc5 Qxd1 15. Rfxd1 Bxg2 16. Kxg2 Nxc5 17. b4 Ne4 18. Rd7 e6 19. Rc1 Nf6 20. Rb7 Nd5 21. a3 Rfb8 22. Rxb8 Rxb8 23. Nf3 Rb7 24. Nd4 e5 25. Nc6 Rc7 26. Rc4 e4 27. b5 Ne7 28. Rxe4 Nxc6 29. bxc6 Kf6 30. Kf3 Rxc6 31. Re3 b5 32. Rb3 a6 33. Ke4 Ke6 34. Kd3 Kd5 35. Rb4 Kc5 36. Kc3 Kb6+ 37. Kb3 Re6 38. e3 Rf6 39. f4 Rd6 40. Kc3 Kc5 41. Re4 Re6 42. Rxe6 fxe6 43. g4 Kd5 44. Kd3 a5 45. e4+ Kd6 46. Kc2 e5 47. f5 gxf5 48. gxf5 h5 1/2-1/2

[Event "Cap Aurora op 21st"]
[Site "Cap Aurora"]
[Date "2017.06.30"]
[Round "8"]
[White "Banzea, Alexandru Bogdan"]
[Black "Dolana, Andrei Theodor"]
[Result "0-1"]
[WhiteElo "2300"]
[BlackElo "2348"]
[PlyCount "124"]
[EventDate "2017.06.24"]
[EventType "swiss"]
[EventRounds "9"]
[EventCountry "ROU"]
[SourceTitle "CBM 179 Extra"]
[Source "ChessBase"]
[SourceDate "2017.08.23"]
[SourceVersion "1"]
[SourceVersionDate "2017.08.23"]
[SourceQuality "1"]

1. e4 c5 2. Nf3 e6 3. d4 cxd4 4. Nxd4 Nc6 5. Nc3 Qc7 6. f4 a6 7. Nxc6 bxc6 8. Bd3 d5 9. 0-0 Nf6 10. Qe2 Be7 11. Bd2 0-0 12. Rae1 Re8 13. e5 Nd7 14. Rf3 g6 15. Nd1 c5 16. c3 Bb7 17. Rh3 f5 18. exf6 Bxf6 19. Nf2 e5 20. f5 e4 21. fxg6 hxg6 22. Nxe4 dxe4 23. Bc4+ Kf8 24. Qg4 Qc6 25. Rh7 Re7 26. Bh6+ Ke8 27. Qxg6+ Kd8 28. Be3 Bd4 29. Qh5 Bxe3+ 30. Rxe3 Nf6 31. Rh8+ Kc7 32. Qh4 Rxh8 33. Qxh8 Qd6 34. Qh4 Rg7 35. h3 Qe5 36. Qh6 Rh7 37. Qg6 Rd7 38. Qg3 Qxg3 39. Rxg3 Rd1+ 40. Kf2 Rd2+ 41. Ke3 Rxb2 42. Rg7+ Nd7 43. Bb3 Bc6 44. h4 Rb1 45. h5 Re1+ 46. Kd2 Rh1 47. g4 Rh2+ 48. Ke3 Rh3+ 49. Ke2 Bb5+ 50. Kf2 c4 51. Bd1 Bc6 52. g5 e3+ 53. Ke1 Rh1+ 54. Ke2 Kd6 55. h6 Ne5 56. h7 Bf3+ 57. Kxe3 Bxd1 58. g6 Bc2 59. Ra7 Bxg6 60. Rxa6+ Kd5 61. Ra5+ Ke6 62. Ra6+ Kf5 0-1

[Event "ROM-ch"]
[Site "Calimanesti Caciulata"]
[Date "2017.04.02"]
[Round "9"]
[White "Dolana, Andrei Theodor"]
[Black "Anton, Teodor"]
[Result "1/2-1/2"]
[WhiteElo "2310"]
[BlackElo "2412"]
[PlyCount "81"]
[EventDate "2017.03.25"]
[EventType "swiss"]
[EventRounds "9"]
[EventCountry "ROU"]
[SourceTitle "CBM 177 Extra"]
[Source "ChessBase"]
[SourceDate "2017.04.27"]
[SourceVersion "1"]
[SourceVersionDate "2017.04.27"]
[SourceQuality "1"]

1. Nf3 d5 2. g3 Bg4 3. Bg2 Nd7 4. c4 e6 5. 0-0 c6 6. cxd5 exd5 7. d3 Bd6 8. h3 Bh5 9. e4 Ne7 10. Nc3 0-0 11. Qc2 f6 12. Ne2 Bf7 13. Bd2 Rc8 14. Nf4 Ng6 15. Nxg6 hxg6 16. Rfe1 Qb6 17. Be3 Bc5 18. Bxc5 Qxc5 19. Qd2 dxe4 20. dxe4 Ne5 21. Red1 Nxf3+ 22. Bxf3 Qe5 23. b3 Rfe8 24. h4 c5 25. Rac1 b6 26. Rc3 Rcd8 27. Rd3 Rxd3 28. Qxd3 Kf8 29. Qd7 Qe7 30. Qa4 Be6 31. e5 fxe5 32. Be4 Bf5 33. Bxf5 gxf5 34. Rd7 Qf6 35. Qxa7 e4 36. Qc7 Kg8 37. Qd6 Qxd6 38. Rxd6 Ra8 39. a4 c4 40. Rxb6 cxb3 41. Rxb3 1/2-1/2

[Event "ROM-ch"]
[Site "Calimanesti Caciulata"]
[Date "2017.03.31"]
[Round "7"]
[White "Dolana, Andrei Theodor"]
[Black "Costachi, Mihnea"]
[Result "1/2-1/2"]
[WhiteElo "2310"]
[BlackElo "2460"]
[PlyCount "88"]
[EventDate "2017.03.25"]
[EventType "swiss"]
[EventRounds "9"]
[EventCountry "ROU"]
[SourceTitle "CBM 177 Extra"]
[Source "ChessBase"]
[SourceDate "2017.04.27"]
[SourceVersion "1"]
[SourceVersionDate "2017.04.27"]
[SourceQuality "1"]

1. d4 d5 2. c4 c6 3. Nc3 Nf6 4. e3 a6 5. Qc2 Bg4 6. h3 Bh5 7. Qb3 Ra7 8. Nge2 dxc4 9. Qxc4 b5 10. Qb3 e6 11. Nf4 Be7 12. a4 b4 13. Nxh5 Nxh5 14. Ne4 Qd5 15. Nd2 Nf6 16. Qxd5 cxd5 17. Bd3 0-0 18. Nb3 Nbd7 19. Bd2 Nb6 20. Ke2 Nc4 21. Bxc4 dxc4 22. Nc5 Rb8 23. Rhc1 Bxc5 24. dxc5 c3 25. bxc3 b3 26. Rcb1 Ne4 27. c6 Rc7 28. Ra3 Rd8 29. Rb2 Nc5 30. e4 f5 31. Be3 Nxe4 32. Raxb3 Rxc6 33. Bd4 Rdc8 34. Rb7 R6c7 35. Rxc7 Rxc7 36. Kd3 Nc5+ 37. Bxc5 Rxc5 38. c4 Ra5 39. Ra2 Kf7 40. Kc3 f4 41. Kb4 Rg5 42. f3 Ke7 43. Rd2 a5+ 44. Kb3 Re5 1/2-1/2

[Event "ROM-ch"]
[Site "Calimanesti Caciulata"]
[Date "2017.03.27"]
[Round "3"]
[White "Ciorgovean, Iustin"]
[Black "Dolana, Andrei Theodor"]
[Result "1/2-1/2"]
[WhiteElo "2070"]
[BlackElo "2310"]
[PlyCount "37"]
[EventDate "2017.03.25"]
[EventType "swiss"]
[EventRounds "9"]
[EventCountry "ROU"]
[SourceTitle "CBM 177 Extra"]
[Source "ChessBase"]
[SourceDate "2017.04.27"]
[SourceVersion "1"]
[SourceVersionDate "2017.04.27"]
[SourceQuality "1"]

1. Nf3 d5 2. d4 Nf6 3. c4 e6 4. g3 dxc4 5. Bg2 a6 6. 0-0 Nc6 7. e3 Rb8 8. Nfd2 Bd7 9. Nxc4 b5 10. Ne5 Rb6 11. Nxd7 Qxd7 12. Nd2 Bd6 13. Nb3 e5 14. d5 Ne7 15. e4 0-0 16. Be3 Rbb8 17. Rc1 c6 18. dxc6 Nxc6 19. Qe2 1/2-1/2

[Event "ROM-ch U18"]
[Site "Baile Felix"]
[Date "2017.02.05"]
[Round "4"]
[White "Olinici, Emanuel"]
[Black "Dolana, Andrei Theodor"]
[Result "1/2-1/2"]
[WhiteElo "2029"]
[BlackElo "2312"]
[PlyCount "38"]
[EventDate "2017.02.02"]
[EventType "swiss"]
[EventRounds "9"]
[EventCountry "ROU"]
[SourceTitle "CBM 176 Extra"]
[Source "ChessBase"]
[SourceDate "2017.03.02"]
[SourceVersion "1"]
[SourceVersionDate "2017.03.02"]
[SourceQuality "1"]

1. d4 Nf6 2. Nf3 e6 3. g3 c5 4. Bg2 cxd4 5. Nxd4 d5 6. 0-0 e5 7. Nb3 Be6 8. Nc3 Be7 9. f4 exf4 10. Bxf4 0-0 11. e4 Qb6+ 12. Kh1 dxe4 13. Nxe4 Nc6 14. Qe2 Rfe8 15. Be3 Qc7 16. Bf4 Qb6 17. Be3 Qc7 18. Bf4 Qc8 19. Rae1 Nd5 1/2-1/2

[Event "ROM-ch U18"]
[Site "Baile Felix"]
[Date "2017.02.04"]
[Round "3"]
[White "Dolana, Andrei Theodor"]
[Black "Acsinte, Matei Ionut"]
[Result "1-0"]
[WhiteElo "2312"]
[BlackElo "2282"]
[PlyCount "95"]
[EventDate "2017.02.02"]
[EventType "swiss"]
[EventRounds "9"]
[EventCountry "ROU"]
[SourceTitle "CBM 176 Extra"]
[Source "ChessBase"]
[SourceDate "2017.03.02"]
[SourceVersion "1"]
[SourceVersionDate "2017.03.02"]
[SourceQuality "1"]

1. d4 Nf6 2. c4 e6 3. Nc3 Bb4 4. Qc2 0-0 5. Nf3 c5 6. dxc5 Na6 7. g3 Nxc5 8. Bg2 Nce4 9. 0-0 Nxc3 10. bxc3 Bc5 11. e4 d6 12. e5 dxe5 13. Nxe5 Qc7 14. Qe2 Bd6 15. Re1 Nd7 16. Bf4 Nxe5 17. Bxe5 Bxe5 18. Qxe5 Qxe5 19. Rxe5 Rd8 20. Rb1 Rd2 21. c5 a6 22. Bxb7 Bxb7 23. Rxb7 Kf8 24. Re4 Rc8 25. Rf4 f5 26. Rd4 Rxd4 27. cxd4 e5 28. dxe5 Rxc5 29. e6 Re5 30. Rb6 Ra5 31. Rb8+ Ke7 32. Rb7+ Kxe6 33. Rxg7 Rxa2 34. Rxh7 a5 35. Ra7 f4 36. Kg2 fxg3 37. hxg3 Kf5 38. Rf7+ Kg6 39. Ra7 a4 40. g4 a3 41. Kg3 Ra1 42. Kf4 a2 43. Ra6+ Kg7 44. Kf5 Kf7 45. Ra7+ Ke8 46. g5 Kd8 47. g6 Ke8 48. Kf6 1-0